000 00358nam a2200133Ia 4500
008 151001s9999||||xx |||||||||||||| ||und||
100 _a Spectrum
245 _aKaziranqa National
250 _a1
260 _bSpectrum Pub.
260 _c2005
300 _a8
365 _b21
999 _c994345
_d994342